Villes françaises les plus peuplées commençant par B - Statistiques

Statistiques générales
  • Ce quiz a été pris 150 fois
  • Le résultat moyen est 10 sur 15
Statistiques - réponses
Région Département Ville Population % Correct
Nouvelle-Aquitaine Gironde Bordeaux 265 328
100%
Bretagne Finistère Brest 140 993
96%
Corse Haute-Corse Bastia 47 459
86%
Bourgogne-Franche-Comté Territoire de Belfort Belfort 45 646
81%
Bourgogne-Franche-Comté Doubs Besançon 120 057
80%
Île-de-France Hauts-de-Seine Boulogne-Billancourt 120 205
73%
Nouvelle-Aquitaine Pyrénées-Atlantiques Bayonne 53 312
72%
Hauts-de-France Oise Beauvais 55 906
65%
Occitanie Hérault Béziers 80 815
65%
Île-de-France Seine-Saint-Denis Bobigny 55 270
65%
Centre-Val de Loire Cher Bourges 64 238
64%
Nouvelle-Aquitaine Corrèze Brive 46 769
58%
Centre-Val de Loire Loir-et-Cher Blois 47 092
57%
Île-de-France Seine-Saint-Denis Bondy 51 066
36%
Île-de-France Hauts-de-Seine Bagneux 43 647
23%
Aucun quiz correspondant
Distribution des résultats
% des personnes avec chaque résultat
Percentile par nombre de réponses
Votre historique - résultats
Vous n’avez pas pris ce quiz